[Event "10th Lichtenberger Sommer"]
[Site "Berlin GER"]
[Date "2011.08.20"]
[Round "8.92"]
[White "Werninghaus,K"]
[Black "Bullig,R"]
[Result "1/2-1/2"]
[WhiteElo "1647"]
[BlackElo "1730"]

1.c4 c6 2.Nc3 Nf6 3.d4 d5 4.Nf3 Nbd7 5.Bf4 Nh5 6.Bd2 Nhf6 7.cxd5 Nxd5 8.e4 Nxc3
9.Bxc3 Nf6 10.Qc2 Bg4 11.Be2 Bh5 12.Ne5 Bxe2 13.Qxe2 e6 14.Nf3 Be7 15.O-O O-O
16.Rfe1 Qb6 17.Rab1 Rfe8 18.Nd2 Qc7 19.h3 Rad8 20.e5 Nd5 21.Qf3 Bf8 22.Ne4 Be7
23.Qg4 Kh8 24.Rbd1 f5 25.exf6 Bxf6 26.Nxf6 Nxf6 27.Qe2 Qf7 28.b3 Qg6 29.Rd3 Rd5
30.Rg3 Qf7 31.Re3  1/2-1/2

[Event "Malaysian Open"]
[Site "Kuala Lumpur MAS"]
[Date "2011.08.20"]
[Round "4.10"]
[White "Salvador,R"]
[Black "Kojima,S"]
[Result "1-0"]
[WhiteElo "2527"]
[BlackElo "2300"]

1.c4 c6 2.Nf3 d5 3.b3 Bg4 4.e3 e6 5.Bb2 Nd7 6.h3 Bh5 7.Be2 Ngf6 8.d3 Bd6
9.g4 Bg6 10.g5 Nh5 11.Rg1 h6 12.Nbd2 Qe7 13.Nh4 hxg5 14.Nxg6 fxg6 15.Qc2 O-O-O
16.O-O-O Rdf8 17.Rg2 Kb8 18.Rdg1 Rf5 19.Bg4 Rf7 20.Nf3 Rhf8 21.Bxh5 gxh5
22.Nxg5 Rf5 23.Kb1 e5 24.e4 dxe4 25.dxe4 Rf4 26.Bc1 Bc5 27.Bxf4 Rxf4 28.Nh7 Qh4
29.Rxg7 Qxh3 30.Ng5 Qh2 31.Ne6 Rxf2 32.Rg8+ Nf8 33.Nxf8 a6 34.R8g2  1-0

[Event "Malaysian Open"]
[Site "Kuala Lumpur MAS"]
[Date "2011.08.20"]
[Round "5.29"]
[White "Lim Yee Weng"]
[Black "Lee Kah Meng Elgin"]
[Result "1-0"]
[WhiteElo "2253"]
[BlackElo "1985"]

1.c4 c6 2.e4 d5 3.exd5 cxd5 4.cxd5 Nf6 5.Nc3 Nxd5 6.Nf3 Nc6 7.Bb5 e6 8.O-O Be7
9.d4 O-O 10.Re1 Bf6 11.Ne4 h6 12.Nxf6+ Qxf6 13.Bxc6 bxc6 14.Ne5 Rd8 15.Nxc6 Rd6
16.Na5 Ba6 17.Nb3 Rad8 18.Bd2 Nf4 19.Bxf4 Qxf4 20.Qc1 Qg4 21.Re3 e5 22.h3 Qh4
23.dxe5 Rg6 24.Qc3 Bb7 25.Rg3 Rc6 26.Qe3 Rc2 27.Rg4 Qh5 28.Qg3 g5 29.e6 Bd5
30.Nd4 Rc4 31.b3 Rcc8 32.Re1 Kg7 33.Re5  1-0

[Event "13th Sants Open"]
[Site "Barcelona ESP"]
[Date "2011.08.21"]
[Round "3"]
[White "Kovalyov,A"]
[Black "Panelo,M"]
[Result "1-0"]
[WhiteElo "2612"]
[BlackElo "2413"]

1.c4 c6 2.d4 d5 3.Nf3 Nf6 4.e3 Bf5 5.Nc3 e6 6.Nh4 Be4 7.f3 Bg6 8.Qb3 Qc7
9.Bd2 Nbd7 10.cxd5 Nxd5 11.O-O-O a5 12.Nxg6 hxg6 13.e4 Nxc3 14.Bxc3 Bb4 15.Kb1 Bxc3
16.Qxc3 Rxh2 17.Rxh2 Qxh2 18.d5 Qe5 19.dxc6 bxc6 20.Qxc6 Ra7 21.Bb5 Rc7 22.Qa8+ Ke7
23.Qxa5 Qc5 24.Qd2  1-0

[Event "4th Jessie Gilbert Open"]
[Site "Coulsdon ENG"]
[Date "2011.08.21"]
[Round "2"]
[White "Heikkila,A"]
[Black "Lock,G"]
[Result "1-0"]
[WhiteElo "2020"]
[BlackElo "2194"]

1.c4 c6 2.Nf3 d5 3.e3 Nf6 4.b3 Bg4 5.d4 e6 6.Nbd2 Nbd7 7.Be2 Bd6 8.Bb2 Qb8
9.cxd5 cxd5 10.h3 Bh5 11.O-O O-O 12.g4 Bg6 13.Nh4 e5 14.dxe5 Bxe5 15.Bxe5 Qxe5
16.Ndf3 Qe7 17.Nxg6 hxg6 18.Qd4 a6 19.Rfc1 Rac8 20.Bf1 Qa3 21.Qd1 Ne4 22.Nd4 Ndf6
23.f3 Nc5 24.Nc2 Qb2 25.Qd4 Qxd4 26.Nxd4 Rfe8 27.Kf2 Kf8 28.Rc2 Ncd7 29.Rac1 Nb6
30.a4 Rxc2+ 31.Rxc2 Rc8 32.a5 Rxc2+ 33.Nxc2 Nbd7 34.b4 Ke7 35.Kg3 g5 36.h4 gxh4+
37.Kxh4 Ne5 38.Nd4 g6 39.g5 Ne8 40.f4 Nc4 41.Bxc4 dxc4 42.Kg4 Nc7 43.Kf3 Nb5
44.Nc2 Kd6 45.e4 Kc6 46.Ke3 Kd7 47.Nd4 Kd6 48.Nf3 Ke6 49.Nd2 c3 50.Nb3 Kd6
51.Kd3 Kc7 52.Nc1 Nd6 53.e5 Nb5 54.Ne2 Kc6 55.Nxc3 Nc7 56.Kc4 Ne6 57.Ne2 Kd7
58.Kd5 Kc7 59.Ke4 Kd7 60.Nd4 Nc7 61.Nc2 Kc6 62.Nd4+ Kd7 63.Nb3 Kc6 64.Nd4+ Kd7
65.f5 gxf5+ 66.Kxf5 Nd5 67.e6+ fxe6+ 68.Nxe6 Nxb4 69.Nc5+ Kc6 70.g6 Nd5 71.g7 Ne7+
72.Ke6 Ng8 73.Nd7 b5 74.Nf6 Nh6 75.Ng4 Ng8 76.Kf7 b4 77.Kxg8 b3 78.Ne5+ Kd5
79.Nd3 Kd4 80.Kf8 Kxd3 81.g8=Q Kc2 82.Qc4+ Kb2 83.Qxa6  1-0

[Event "XLV Mislata GM"]
[Site "Mislata ESP"]
[Date "2011.08.21"]
[Round "9"]
[White "Garcia,Jh"]
[Black "Alcaraz Ortega,J"]
[Result "1/2-1/2"]
[WhiteElo "2376"]
[BlackElo "2248"]

1.c4 c6 2.Nf3 d5 3.d4 Nf6 4.Qc2 dxc4 5.Qxc4 Bf5 6.Nc3 e6 7.e3 Nbd7 8.Qb3 Qb6
9.Qxb6 axb6 10.Nh4 Bc2  1/2-1/2

[Event "Manhattan Open"]
[Site "New York USA"]
[Date "2011.08.21"]
[Round "9"]
[White "Shabalov,A"]
[Black "Lenderman,A"]
[Result "1-0"]
[WhiteElo "2577"]
[BlackElo "2525"]

1.c4 c6 2.Nf3 d5 3.b3 Bg4 4.g3 Nd7 5.Bb2 e6 6.Bg2 Ngf6 7.O-O Be7 8.d3 O-O
9.Nbd2 b5 10.Rc1 Qb6 11.Rc2 Qa6 12.Qa1 Ba3 13.Bc3 Rfc8 14.h3 Bh5 15.g4 Bg6
16.Nh4 Be7 17.e4 bxc4 18.Nxg6 hxg6 19.dxc4 dxe4 20.g5 Nd5 21.Bxg7 Nb4 22.Bh6 Bf8
23.Rcc1 f5 24.Rcd1 Qxa2 25.Qxa2 Nxa2 26.Nxe4 fxe4 27.Rxd7 Nc3 28.Re1 Rd8
29.Rc7 Rd2 30.Bxe4 Bc5 31.Bxg6 Bxf2+ 32.Kf1 Bd4 33.Rxe6 Rd1+ 34.Kg2 Rg1+
35.Kh2 Rf1 36.Rce7 Bc5 37.Bh7+ Kh8 38.Bg7+ Kxh7 39.Rh6+ Kg8 40.Rh8+  1-0

[Event "31st Presolana Open"]
[Site "Presolana ITA"]
[Date "2011.08.21"]
[Round "2"]
[White "Arun Prasad,S"]
[Black "Janczarski,M"]
[Result "1/2-1/2"]
[WhiteElo "2489"]
[BlackElo "2316"]

1.c4 c6 2.e4 e6 3.d4 d5 4.e5 c5 5.Nf3 Nc6 6.Bg5 Be7 7.cxd5 exd5 8.Bxe7 Ngxe7
9.dxc5 Qa5+ 10.Nbd2 Bg4 11.a3 Bxf3 12.Qxf3 Qxc5 13.Qg3 Ng6 14.Nb3 Qb6 15.O-O-O O-O-O
16.f4 Nxf4 17.Qxf4 Qxb3 18.Bd3 g6 19.Rhe1 Rhe8 20.Kb1 Qb6 21.Qxf7 Nxe5 22.Qxh7 Kb8  1/2-1/2

[Event "Brasschaat Open"]
[Site "Brasschaat BEL"]
[Date "2011.08.22"]
[Round "3.7"]
[White "Dal Borgo,A"]
[Black "Cankja,R"]
[Result "1-0"]
[WhiteElo "2179"]
[BlackElo "1945"]

1.c4 c6 2.Nf3 d5 3.d4 Nf6 4.e3 Bf5 5.Nc3 e6 6.Nh4 Bg4 7.Qb3 Qc7 8.h3 Bh5
9.g4 Bg6 10.Nxg6 hxg6 11.Bg2 Nbd7 12.Bd2 dxc4 13.Qxc4 Nb6 14.Qb3 Nfd5 15.Ne2 Bd6
16.Ba5 Qe7 17.a3 Nc8 18.Bd2 g5 19.Nc3 Nxc3 20.bxc3 Rb8 21.c4 O-O 22.O-O e5
23.Rfd1 Qf6 24.Bc3 Ne7 25.Ra2 Ng6 26.Rad2 Rfd8 27.Be4 Bc7 28.Bxg6 Qxg6 29.dxe5 Rxd2
30.Rxd2 b6 31.Rd7 Rc8 32.Qd1 Qe6 33.Rxc7 Rxc7 34.Qd8+ Kh7 35.Qxc7 Qxc4 36.e6 Qxe6
37.Qd8 f6 38.Qd3+ Kh6 39.Bd2 c5 40.e4 Qe5 41.h4 Kg6 42.hxg5 Qa1+ 43.Kg2 Qd1
44.e5+ Kf7 45.Qd7+ Kg6 46.Qe8+  1-0

[Event "BDO Challengers"]
[Site "Haarlem NED"]
[Date "2011.08.22"]
[Round "3.2"]
[White "Peelen,P"]
[Black "Gijswijt,B"]
[Result "1-0"]
[WhiteElo "2354"]
[BlackElo "2341"]

1.c4 c6 2.e4 d5 3.exd5 cxd5 4.d4 Nf6 5.Nc3 Nc6 6.Bg5 Be6 7.a3 g6 8.Bxf6 exf6
9.c5 h5 10.Bb5 Bh6 11.Nge2 O-O 12.O-O f5 13.Bxc6 bxc6 14.f4 Bc8 15.Qa4 Bb7
16.b4 Qc8 17.Qb3 Re8 18.a4 Re3 19.Rae1 Qe6 20.Qd1 Re8 21.Qd2 Bg7 22.b5 Bf6
23.Kf2 Bh4+ 24.Ng3 Rxe1 25.Rxe1 Qxe1+ 26.Qxe1 Rxe1 27.Kxe1 Kf8 28.Kd2 Bd8
29.Nge2 Ba5 30.Nc1 Ke7 31.Nd3 f6 32.Kc2 a6 33.b6 g5 34.Ne2 h4 35.Nec1  1-0

[Event "47th Rubinstein Mem GpA"]
[Site "Polanica Zdroj POL"]
[Date "2011.08.23"]
[Round "4"]
[White "Tazbir,M"]
[Black "Stoma,P"]
[Result "1-0"]
[WhiteElo "2520"]
[BlackElo "2322"]

1.c4 c6 2.e4 d5 3.exd5 cxd5 4.d4 Nf6 5.Nc3 e6 6.Nf3 Bb4 7.Bd2 Nc6 8.a3 Be7
9.c5 Ne4 10.Bb5 O-O 11.O-O Qc7 12.Qc1 Nxd2 13.Qxd2 b6 14.b4 bxc5 15.bxc5 Bf6
16.Rfe1 Na5 17.Rab1 Bb7 18.Ne5 a6 19.Bf1 g6 20.f4 Bg7 21.Rb6 Rfd8 22.Reb1 Ra7
23.a4 Nc4 24.Bxc4 dxc4 25.Qf2 Ba8 26.h4 h5 27.a5 Bf6 28.Rd1 Qe7 29.g3 Qc7
30.Nxc4 Rb7 31.Ne4 Bg7 32.Ned6 Rxb6 33.axb6 Qc6 34.Kf1 Qa4 35.Qd2 Bd5 36.Ne5 Rxd6
37.cxd6 Qb5+ 38.Kf2 Qxb6 39.d7 Bxe5 40.fxe5 Qc7 41.Qe2 Qxd7 42.Qxa6 Bb3 43.Rd2 Qd5
44.Qd3 Bc4 45.Qf3 Qd8 46.Qf6 Qa5 47.Rb2 Qa7 48.Qf4 Bb3 49.Qe3 Bd5 50.Qc3 Kg7
51.Re2 Qb7 52.Kg1 Qb1+ 53.Qe1 Qd3 54.Qf2 Kg8 55.Kh2 Bb3 56.Re1 Bc4 57.Rc1 Kg7
58.Qc2 Bd5 59.Kg1 Qxc2 60.Rxc2 f5 61.Rc7+ Kh6 62.Rf7 Bc6 63.Kf2 Bd5 64.Ke3 Bc4
65.Kd2 Bd5 66.Kc3 Ba2 67.Kb4 Bd5 68.Kc5 Ba2 69.Kd6 Bc4 70.Ke7 Bd5 71.Kf8  1-0

[Event "Trade Fair Open A"]
[Site "Brno CZE"]
[Date "2011.08.24"]
[Round "5"]
[White "Cvek,R"]
[Black "Velicka,P"]
[Result "1/2-1/2"]
[WhiteElo "2506"]
[BlackElo "2461"]

1.c4 c6 2.Nf3 d5 3.e3 Nf6 4.Nc3 a6 5.Qc2 g6 6.d4 b5 7.cxd5 cxd5 8.Bd2 Bg7
9.Rc1 O-O 10.Bd3 Bb7 11.a4 Nc6 12.axb5 Nb4 13.Qb1 Nxd3+ 14.Qxd3 Ne4 15.O-O axb5
16.Ne2 Qd6 17.Qb3 Nxd2 18.Nxd2 b4 19.Rfe1 Ba6 20.Nf4 e6 21.Nd3 Bxd3 22.Qxd3 Rfc8
23.Nb3 Bf8 24.g3 h5 25.h4 Qd7 26.Rxc8 Rxc8 27.Rc1 Rxc1+ 28.Nxc1 Qc6 29.Qd1 Bd6
30.Nd3 Qc4 31.Kf1 b3 32.Kg2 Bb4 33.Kf3 Qc2 34.Qxc2 bxc2 35.Ke2 Kf8 36.Nc1 Ke7
37.Kd3 Be1 38.Ke2 Bb4 39.Kd3 Be1 40.Ke2  1/2-1/2

[Event "31st Presolana Open"]
[Site "Presolana ITA"]
[Date "2011.08.24"]
[Round "5.3"]
[White "Greenfeld,A"]
[Black "Arun Prasad,S"]
[Result "1-0"]
[WhiteElo "2566"]
[BlackElo "2489"]

1.c4 c6 2.e4 d5 3.exd5 cxd5 4.cxd5 Nf6 5.Nc3 Nxd5 6.Nf3 Nc6 7.Bb5 e6 8.O-O Be7
9.d4 O-O 10.Re1 Bf6 11.Bxc6 bxc6 12.Na4 Qc7 13.Bg5 Rd8 14.Rc1 Bd7 15.Nc5 Be8
16.Bxf6 Nxf6 17.Rc3 Rd5 18.Qa4 Nd7 19.Nd3 Nb6 20.Qc2 Rdd8 21.Nde5 Nd5 22.Ng5 Nf6
23.Ng4 Nxg4 24.Qxh7+ Kf8 25.Qh8+ Ke7 26.Rxe6+ Kd7 27.Re4 f5 28.Ne6 Qxh2+
29.Qxh2 Nxh2 30.Nc5+ Kc8 31.Re7 Ng4 32.Ne6 Bd7 33.Nxd8 Kxd8 34.Rxg7 Rb8 35.b3 Rb4
36.Rc4 a5 37.Rg8+ Kc7 38.Ra8 Rxc4 39.bxc4 Kb6 40.Rf8 c5 41.f3 Ne3 42.Rf6+ Kc7
43.dxc5 Nxc4 44.Kf2 Ne5 45.Ke3 Nc6 46.a3 Na7 47.Kd4 Nc6+ 48.Kc4 Ne7 49.Rh6 f4
50.Rf6 Nf5 51.c6 Ne3+ 52.Kc5 Be8 53.Re6  1-0

[Event "31st Presolana Open"]
[Site "Presolana ITA"]
[Date "2011.08.24"]
[Round "5.14"]
[White "Sertic,Ru"]
[Black "Montani,F"]
[Result "1-0"]
[WhiteElo "2406"]
[BlackElo "2218"]

1.c4 c6 2.e4 e5 3.Nf3 d6 4.d4 Nd7 5.Nc3 Be7 6.Be2 Ngf6 7.O-O Qc7 8.a3 O-O
9.b4 Re8 10.d5 a6 11.Qb3 c5 12.Be3 b6 13.Ne1 h6 14.Nd3 Nh7 15.g3 Ndf6 16.f3 Bd7
17.Nf2 Nf8 18.Kh1 Ng6 19.Rg1 Nh5 20.Bd2 Bg5 21.Bxg5 hxg5 22.f4 Nhxf4 23.gxf4 gxf4
24.b5 Qd8 25.Bg4 Nf8 26.Bxd7 Nxd7 27.bxa6 Rxa6 28.Nb5 Nf6 29.Qh3 Nh7 30.Qh6 g6
31.Rg4 Nf8 32.Rag1 Ra4 33.Rh4 Qf6 34.Nxd6 Rd8 35.Nf5  1-0

[Event "II Sinus IM"]
[Site "Budapest HUN"]
[Date "2011.08.25"]
[Round "6"]
[White "Galyas,M"]
[Black "Csonka,B"]
[Result "1/2-1/2"]
[WhiteElo "2433"]
[BlackElo "2264"]

1.c4 c6 2.Nf3 d5 3.e3 Nf6 4.Nc3 e6 5.b3 Nbd7 6.Bb2 Bd6 7.Qc2 O-O 8.Be2 Qe7
9.Rg1 a6 10.g4 b5 11.g5 Ne8 12.h4 Bb7 13.h5 e5 14.Nh4 g6 15.f4 exf4 16.hxg6 fxg6
17.Nxg6 hxg6 18.Qxg6+ Qg7 19.Qe6+ Qf7 20.Qh6 Qg7 21.Qe6+ Qf7 22.Qh6 Qg7  1/2-1/2

[Event "Trade Fair Open A"]
[Site "Brno CZE"]
[Date "2011.08.28"]
[Round "9"]
[White "Wagner,Stef AUT"]
[Black "Svizensky,Lubos"]
[Result "1/2-1/2"]
[WhiteElo "2194"]
[BlackElo "1929"]

1.c4 c6 2.g3 d5 3.Bg2 e5 4.cxd5 cxd5 5.Qb3 Nf6 6.Nc3 e4 7.d3 exd3 8.exd3 d4
9.Nd5 Nc6 10.Bf4 Bd6 11.Ne2 Nxd5 12.Bxd6 Qxd6 13.Bxd5 Qb4+ 14.Kf1 Bh3+  1/2-1/2

[Event "18th Graz Open"]
[Site "Graz AUT"]
[Date "2011.08.28"]
[Round "2"]
[White "Loebler,H"]
[Black "Schnider,G"]
[Result "0-1"]
[WhiteElo "2153"]
[BlackElo "2375"]

1.c4 c6 2.e4 d5 3.cxd5 cxd5 4.exd5 Nf6 5.Qa4+ Nbd7 6.Nc3 g6 7.Nf3 Bg7 8.Bc4 O-O
9.d3 Nb6 10.Qb3 Bg4 11.Nd2 Rc8 12.O-O Nfd7 13.Nde4 Ne5 14.Bg5 h6 15.Bh4 g5
16.Bg3 Nexc4 17.dxc4 Rxc4 18.f3 Bf5 19.Rfe1 Qc8 20.d6 e6 21.Rad1 Rd8 22.Nb5 Bxe4
23.fxe4 Qc5+ 24.Bf2 Qb4 25.Nxa7 Qxb3 26.axb3 Rb4 27.Rd3 Nd7 28.Rc1 Rxe4 29.Rc8 Rxc8
30.Nxc8 Kf8 31.Nb6 Ke8 32.Nc4 Kd8 33.Rd1 b5 34.Ra1 bxc4 35.Ra8+ Nb8 36.Rxb8+ Kd7
37.Rb7+ Kxd6 38.Rxf7 Bxb2 39.bxc4 Rxc4 40.Bg3+ Kd5 41.Rh7 Bd4+ 42.Kf1 e5
43.Rxh6 Rc1+ 44.Ke2 Rc2+ 45.Kf1 Ke4 46.Ra6 Rc1+ 47.Ke2 Rg1 48.Rg6 Rxg2+ 49.Kf1 Rg1+
50.Ke2 Kf5 51.Rg8 Ra1 52.Rf8+ Ke4 53.Rg8 Ra2+ 54.Kf1 Be3 55.Rb8 Bf4 56.Rb4+ Kf3
57.Rb3+ Kg4 58.Kg1 Rd2 59.Rb4 Kf3 60.Rb3+ Be3+ 61.Rxe3+ Kxe3 62.Bxe5 Kf3
63.h3 Rc2 64.Bb8 Rg2+ 65.Kh1 Rb2 66.Be5 Re2 67.Bc7 Rc2 68.Bd6 Ke4 69.Kg1 Kf5
70.Bb8 Ke4 71.Bd6 Kf3 72.Bb8 Rg2+ 73.Kh1 Rb2 74.Be5 Re2 75.Bd6 Re6 76.Bc7 Rh6
77.Kg1 Rxh3 78.Bd6 Rh7 79.Be5 g4  0-1

[Event "23rd Porto San Giorgio Open"]
[Site "Porto San Giorgio ITA"]
[Date "2011.08.28"]
[Round "9"]
[White "Certic,B"]
[Black "Molina,Fa"]
[Result "1-0"]
[WhiteElo "2402"]
[BlackElo "2256"]

1.c4 c6 2.Nf3 d5 3.Qc2 Nf6 4.d3 g6 5.Bg5 Bg7 6.Nbd2 O-O 7.e3 a5 8.Be2 Na6
9.a3 Re8 10.Rc1 Bf5 11.O-O h6 12.Bh4 g5 13.Bg3 Rc8 14.Be5 Bh7 15.cxd5 Qxd5
16.e4 Qd8 17.Bc3 b5 18.b4 axb4 19.axb4 c5 20.bxc5 Nxc5 21.Qb1 Ne6 22.Rfd1 Nf4
23.Bf1 Qb6 24.Bd4 Qe6 25.Be3 Qd7 26.Qb3 Ng4 27.d4 Rb8 28.Bxf4 gxf4 29.h3 Nf6
30.Ne5 Qxd4 31.Qxf7+ Kh8 32.Nc6 Qb6 33.Qb3 Bg8 34.Qb4 Rb7 35.Nf3 Ra8 36.Ncd4 Nxe4
37.Qe1 Bh7 38.Bxb5 e5 39.Bc6 exd4 40.Bxe4 Re8 41.Nd2 Rbe7 42.f3 d3+ 43.Kh1 Qe3
44.Qf1 Rd8 45.Nc4 Rxe4 46.Nxe3 Rxe3 47.Rd2 Rde8 48.Qd1 Bd4 49.Kh2 Bf6 50.Qa4 Rf8
51.Qb4 Be7 52.Qd4+ Bf6 53.Qd6 Kg8 54.Rc7 Bf5 55.Qd5+ Be6 56.Qh5 Bg7 57.Qg6 Bf7
58.Qg4 Kh7 59.Qd7 Be5 60.Rb7 Bf6 61.Rxd3 Re7 62.Qxe7 Bxe7 63.Rxe7  1-0

[Event "10th Sunny Beach Open"]
[Site "Sunny Beach BUL"]
[Date "2011.08.28"]
[Round "2.29"]
[White "Motuz,K"]
[Black "Romanov,Se1"]
[Result "1/2-1/2"]
[WhiteElo "2325"]
[BlackElo "2162"]

1.c4 c6 2.d4 d5 3.Nf3 Nf6 4.Nc3 dxc4 5.a4 Bg4 6.Ne5 Bh5 7.f3 Nfd7 8.Nxc4 e5
9.Be3 Bb4 10.Qb3 Qe7 11.dxe5 O-O 12.Bf4 Nc5 13.Qc2 Nbd7 14.e4 g5 15.Bg3 g4
16.Be2 Bg6 17.Rd1 Rad8 18.O-O h5 19.fxg4 h4 20.Bf4 Bxc3 21.Qxc3 Nxe4 22.Qe3 Qc5
23.Qxc5 Ndxc5 24.a5 Rfe8 25.Rfe1 Rd5 26.b4 Rxd1 27.Rxd1 Nc3 28.Re1 Nxe2+
29.Rxe2 Nd3 30.Bd2 Re6 31.h3 Nxb4 32.Bxb4 Bd3 33.Rd2 Bxc4 34.Rd8+ Kh7 35.Rd7 Rxe5
36.Rxb7 a6 37.Kf2 Kg6 38.Re7 Rb5 39.Bc3  1/2-1/2

[Event "FIDE World Cup 2011"]
[Site "Khanty-Mansiysk RUS"]
[Date "2011.08.29"]
[Round "1.2"]
[White "Grachev,B"]
[Black "Romanov,E"]
[Result "1-0"]
[WhiteElo "2680"]
[BlackElo "2624"]

1.c4 c6 2.Nf3 d5 3.e3 Nf6 4.d4 Bf5 5.Nc3 e6 6.Nh4 Be4 7.f3 Bg6 8.Qb3 Qb6
9.Nxg6 hxg6 10.Kf2 Nbd7 11.Bd2 Be7 12.g3 Rd8 13.Kg2 O-O 14.Qxb6 axb6 15.cxd5 exd5
16.a4 Bb4 17.Bd3 c5 18.Bb5 Nb8 19.Rad1 Ne8 20.dxc5 bxc5 21.e4 dxe4 22.fxe4 Nc6
23.Bxc6 bxc6 24.Bg5 Rxd1 25.Rxd1 Nc7 26.Be7 Ra8 27.Rd8+ Rxd8 28.Bxd8 Na6
29.Kf3 c4 30.Bb6 Bd6 31.Ke3 Be5 32.Bd4 Bc7 33.Nb1 f6 34.Nd2 Kf7 35.Nxc4 Ke6
36.Bb6 Bb8 37.Na5 Kd7 38.Nb7 Bc7 39.Bd4 Nb4 40.Kd2 g5 41.Kc3 Na6 42.Nc5+ Nxc5
43.Bxc5 g6 44.Be3 g4 45.b4 f5 46.exf5 gxf5 47.a5 Kc8 48.a6 Bd6 49.Kc4 Bf8
50.Bf4  1-0

[Event "FIDE World Cup 2011"]
[Site "Khanty-Mansiysk RUS"]
[Date "2011.08.29"]
[Round "1.2"]
[White "Leon Hoyos,M"]
[Black "Shirov,A"]
[Result "1/2-1/2"]
[WhiteElo "2548"]
[BlackElo "2714"]

1.c4 c6 2.e4 d5 3.exd5 cxd5 4.cxd5 Nf6 5.Nc3 Nxd5 6.Nf3 Nc6 7.Bb5 e6 8.O-O Be7
9.d4 O-O 10.Re1 Bd7 11.Bd3 Rc8 12.Nxd5 exd5 13.Ne5 Bf6 14.Be3 g6 15.f4 Ne7
16.Qb3 Bf5 17.Bxf5 Nxf5 18.Qxb7 Rc2 19.Bf2 Qa5 20.b4 Qa3 21.Qxd5 Bh4 22.g3 Nxg3
23.hxg3 Bxg3 24.Ng4 Bxf2+ 25.Nxf2 Qg3+ 26.Qg2 Qxf4 27.Re4 Qd6 28.Qf3 Qxb4
29.a3 Qd6 30.Rae1 h5 31.Rf4 Rc3 32.Qxc3 Qxf4 33.Qe3 Qxe3 34.Rxe3 Rd8 35.Rd3 f5
36.Nh3 Kf7 37.Kf2 Kf6 38.Nf4 h4 39.d5 g5 40.Ne6 Rd6 41.Nc7 Rd7 42.d6 g4 43.Ke3 h3
44.Kf4 h2 45.Rd1 Rh7 46.Ne8+ Kg6 47.Rh1 Rh3 48.d7 Rd3 49.Rxh2 Rxd7 50.Rh8 Rd4+
51.Ke5 Re4+ 52.Kd5 g3 53.Nd6 Rg4 54.Rh1 Ra4 55.Ke5 Kg5 56.Nf7+ Kg4 57.Nh6+ Kf3
58.Nxf5 g2 59.Rb1 Ra5+ 60.Ke6 Rxa3  1/2-1/2

[Event "FIDE World Cup 2011"]
[Site "Khanty-Mansiysk RUS"]
[Date "2011.08.30"]
[Round "1.4"]
[White "Khairullin,I"]
[Black "Ni Hua"]
[Result "1/2-1/2"]
[WhiteElo "2649"]
[BlackElo "2662"]

1.c4 c6 2.e4 d5 3.exd5 cxd5 4.d4 Nf6 5.Nc3 Nc6 6.Bg5 dxc4 7.Bxc4 h6 8.Bh4 Qxd4
9.Qxd4 Nxd4 10.O-O-O e5 11.Bg3 Be6 12.Bxe6 Nxe6 13.Bxe5 Be7 14.Nge2 O-O 15.Nd4 Nxd4
16.Bxd4 Rfd8 17.Rhe1 Rd7 18.Kc2 Rc7 19.Kb3 a6 20.Na4 Kf8 21.Nb6 Rd8 22.a4 Rc6
23.a5 Rcd6 24.Rxe7 Kxe7 25.Bc5 Ne8 26.Re1+ Kf6 27.Bxd6 Nxd6 28.Nd5+ Kf5 29.Re7 g5
30.Kb4 Rc8 31.b3 Rc1 32.f3 h5 33.Ne3+ Kf6 34.Nd5+ Kf5 35.Ne3+ Kf6 36.Nd5+  1/2-1/2

[Event "TCh-SRB Premier Women"]
[Site "Valjevo SRB"]
[Date "2011.08.30"]
[Round "4.2"]
[White "Milosavljevic,Milic"]
[Black "Eric,J"]
[Result "0-1"]
[WhiteElo "1881"]
[BlackElo "2282"]

1.c4 c6 2.Nc3 d5 3.cxd5 cxd5 4.d4 Nf6 5.Nf3 Nc6 6.Bf4 a6 7.h3 Bf5 8.e3 Qb6
9.Qd2 e6 10.Bd3 Ne4 11.Bxe4 Bxe4 12.O-O Bxf3 13.gxf3 g5 14.Be5 Rg8 15.Rfe1 h5
16.e4 Nxe5 17.dxe5 d4 18.Na4 Qb5 19.Qxd4 Rd8 20.Qb6 Qxa4 21.Qxb7 g4 22.hxg4 hxg4
23.f4 g3 24.fxg3 Qc2 25.Qb3 Bc5+ 26.Kh1 Rh8+  0-1

[Event "10th Sunny Beach Open"]
[Site "Sunny Beach BUL"]
[Date "2011.08.31"]
[Round "5.6"]
[White "Bratanov,Z"]
[Black "Enchev,I"]
[Result "1-0"]
[WhiteElo "2457"]
[BlackElo "2435"]

1.c4 c6 2.e4 d5 3.exd5 cxd5 4.d4 Nf6 5.Nc3 e6 6.Nf3 Be7 7.cxd5 Nxd5 8.Bd3 Nc6
9.O-O O-O 10.Re1 Nf6 11.a3 Qd6 12.Nb5 Qd7 13.Ne5 Nxe5 14.dxe5 Nd5 15.Qg4 Rd8
16.Bh6 g6 17.Rad1 a6 18.Nd4 b5 19.h4 Bb7 20.h5 Qe8 21.Be4 Bc5 22.Bg5 Rd7
23.hxg6 hxg6 24.Rd3 Be7 25.Rh3 Bxg5 26.Qxg5 Qf8 27.Nxe6 fxe6 28.Qxg6+ Rg7
29.Qxe6+ Qf7 30.Qh6  1-0

[Event "Maria Albulet Mem"]
[Site "Braila ROU"]
[Date "2011.09.01"]
[Round "4"]
[White "Bollengier,Andreea"]
[Black "Anusca,M"]
[Result "1-0"]
[WhiteElo "2207"]
[BlackElo "2076"]

1.c4 c6 2.e4 e6 3.d4 d5 4.exd5 exd5 5.Nc3 Bb4 6.Bd3 Nf6 7.Ne2 O-O 8.O-O dxc4
9.Bxc4 Nbd7 10.a3 Bd6 11.Ba2 Nb6 12.h3 Bf5 13.Bg5 Bc7 14.Ng3 h6 15.Bxh6 Bg6
16.Bg5 Qd6 17.Bxf6 Qxf6 18.Qg4 Rad8 19.Rad1 Rfe8 20.Nce4 Bxe4 21.Nxe4 Qf4
22.Qxf4 Bxf4 23.Rfe1 Kf8 24.g3 Bh6 25.Bb3 Re7 26.Kf1 Rde8 27.Nc5 Rxe1+ 28.Rxe1 Rxe1+
29.Kxe1 Bc1 30.Nd3 Bg5 31.f4 Bd8 32.Kd2 Ke7 33.Nc5  1-0

[Event "TCh-ESP CECLUB Div 1 GpB"]
[Site "Sabadell ESP"]
[Date "2011.09.02"]
[Round "5"]
[White "Ipatov,A ESP"]
[Black "Magem Badals,J"]
[Result "1-0"]
[WhiteElo "2562"]
[BlackElo "2552"]

1.c4 c6 2.d4 d5 3.Bf4 Nf6 4.cxd5 cxd5 5.Nc3 Nc6 6.e3 a6 7.Bd3 Bg4 8.Nge2 e6
9.O-O Be7 10.a3 O-O 11.Na4 Nd7 12.Bg3 Bh4 13.Rc1 Bxg3 14.hxg3 e5 15.f3 Be6
16.Bb1 Qe7 17.Qd2 Rad8 18.Kf2 Rfe8 19.Rh1 h6 20.Qc2 Qf6 21.Rh4 Nf8 22.Qd2 exd4
23.exd4 Bc8 24.Rhh1 Rxe2+ 25.Kxe2 Nxd4+ 26.Kf2 Nb3 27.Qc3 Nxc1 28.Qxf6 gxf6
29.Rxc1 Bd7 30.Nb6 Bc6 31.Bd3 d4 32.Bxa6 Bxf3 33.gxf3 bxa6 34.Rc5 Ne6 35.Rd5 Rb8
36.Rd6 f5 37.b4 Kg7 38.a4 f4 39.g4 h5 40.gxh5 Rh8 41.Rd5 Kf6 42.a5 Nc7 43.Rc5 Ne6
44.Rd5 Ke7 45.b5 axb5 46.a6  1-0

[Event "10th Sunny Beach Open"]
[Site "Sunny Beach BUL"]
[Date "2011.09.02"]
[Round "7.2"]
[White "Manea,Al"]
[Black "Vasilev,M"]
[Result "1/2-1/2"]
[WhiteElo "2413"]
[BlackElo "2481"]

1.c4 c6 2.Nf3 d5 3.e3 Nf6 4.Nc3 a6 5.b3 Bg4 6.h3 Bh5 7.Bb2 Nbd7 8.cxd5 cxd5
9.g4 Bg6 10.g5 Ne4 11.Nxd5 e6 12.Nf4 Nxg5 13.Nxg5 Qxg5 14.Qg4 Qxg4 15.hxg4 Be4
16.Bg2 Bxg2 17.Nxg2 e5 18.Ke2 f6 19.Rac1 Bd6 20.d4 exd4 21.Bxd4 Kf7 22.Ne1 Ne5
23.f3 Nc6 24.Bb2 h6 25.Nd3 Rhe8 26.Rhd1 Re7 27.Nc5 Bxc5 28.Rxc5 Rae8 29.Rc3 Rd8
30.Rxd8 Nxd8 31.Rc8 Ne6 32.Kf2 Rc7 33.Rxc7+ Nxc7 34.e4 Ke6 35.f4 Nb5 36.Kf3 Na7
37.f5+ Kf7 38.e5 fxe5 39.Bxe5 Nc6 40.Bc3 Ne7 41.Bd2 Nd5 42.Ke4 Nf6+ 43.Kf4 Ke7
44.Bb4+ Kf7 45.Bd2 Ke7 46.Bb4+ Kf7 47.Bd2 Ke7  1/2-1/2

[Event "Richard Reti Mem"]
[Site "Trnava SVK"]
[Date "2011.09.02"]
[Round "7.6"]
[White "Jurcik,Mart"]
[Black "Varga,Dav"]
[Result "0-1"]
[WhiteElo "2360"]
[BlackElo "2364"]

1.c4 c6 2.e4 d5 3.exd5 cxd5 4.d4 Nf6 5.Nc3 Nc6 6.Nf3 Bg4 7.cxd5 Nxd5 8.Qb3 Bxf3
9.gxf3 e6 10.Qxb7 Nxd4 11.Bb5+ Nxb5 12.Qc6+ Ke7 13.Qxb5 Nxc3 14.bxc3 Qd5
15.Rb1 Qxb5 16.Rxb5 Rc8 17.Rb7+ Kf6 18.Rg1 h6 19.Be3 Bc5 20.Rg4 g5 21.Ra4 Rhd8
22.Bxc5 Rxc5 23.Raxa7 Re5+ 24.Kf1 Rd1+ 25.Kg2 Ree1 26.Rxf7+ Kg6 27.Rfd7 Rg1+
28.Kh3 Rc1 29.Ra6 Rxc3 30.Rxe6+ Kh5 31.Re3 Rc4  0-1

[Event "1st Alghero Open"]
[Site "Alghero ITA"]
[Date "2011.09.03"]
[Round "9.5"]
[White "Kogan,Ar"]
[Black "Paikidze,N"]
[Result "1-0"]
[WhiteElo "2548"]
[BlackElo "2416"]

1.c4 c6 2.Nf3 d5 3.Qc2 Nf6 4.e3 e6 5.b3 Nbd7 6.Bb2 Bd6 7.d4 Qe7 8.Nc3 b6
9.Bd3 Bb7 10.O-O O-O 11.e4 dxc4 12.bxc4 e5 13.Ne2 g6 14.Ng3 exd4 15.Nxd4 c5
16.Nb5 Bxg3 17.hxg3 Ne5 18.Rfe1 Rad8 19.Bf1 Nc6 20.e5 Ng4 21.f3 Nh6 22.g4 Qh4
23.Nd6 f5 24.Nxb7 fxg4 25.Re4 Nb4 26.Qc3 Nd3 27.Bxd3 Rxf3 28.Qe1  1-0

[Event "18th Graz Open"]
[Site "Graz AUT"]
[Date "2011.09.04"]
[Round "9"]
[White "Schein,KH"]
[Black "Fahrner,K"]
[Result "0-1"]
[WhiteElo "2206"]
[BlackElo "2319"]

1.c4 c6 2.d4 d5 3.cxd5 cxd5 4.Nc3 Nf6 5.Nf3 Nc6 6.Bf4 e6 7.e3 Be7 8.Bd3 O-O
9.h3 Bd7 10.O-O Rc8 11.Rc1 a6 12.Ne5 Be8 13.Nxc6 Bxc6 14.Qe2 Qa5 15.a3 Bd7
16.Nb1 Ne4 17.Bxe4 dxe4 18.Qd2 Qxd2 19.Nxd2 Bc6 20.Rc3 g5 21.Bg3 f5 22.Be5 Bd7
23.Rfc1 Rxc3 24.Rxc3 Rc8 25.Rxc8+ Bxc8 26.Nc4 Bd7 27.Bd6 Bd8 28.Ne5 Bb5 29.Bb4 Kg7
30.b3 Be2 31.Bd6 Bd1 32.b4 Be2 33.Kh2 Bb5 34.Kg3 h5 35.f3 exf3 36.Nxf3 h4+
37.Kf2 Bc6 38.Ne5 Bd5 39.Kf1 Kf6 40.Nd7+ Kg6 41.Ne5+ Kh5 42.Nf7 Bf6 43.Ne5 g4
44.Nd7 Bd8 45.Bf4 Bc6 46.Ne5 Bb5+ 47.Kf2 a5 48.Nf7 axb4 49.axb4 Be7 50.Bd6 g3+
51.Kg1 Bf6 52.Be5 Be7 53.Bd6 Bf6 54.Be5 Kg6 55.Nd6 Bc6 56.Bf4 Be7 57.Kf1 Bd8
58.Kg1 Kg7 59.Kf1 Kg8 60.Kg1 Be7 61.Kf1 Bf6 62.Kg1 Kf8 63.Nc4 Ke7 64.Ne5 Bb5
65.Ng6+ Kf7 66.Ne5+ Ke8 67.Ng6 Be2 68.Be5 Bd8 69.Nf4 Bc4 70.Nh5 Be7 71.Bf6 Bxb4
72.Bxh4 Bd2 73.Bxg3 b5 74.Kf2 b4 75.Bd6 b3 76.Ba3 Bc3 77.g4 fxg4 78.hxg4 b2
79.Bxb2 Bxb2 80.Kf3 Ke7 81.Kf4 Ba3 82.e4 Bc1+ 83.Kf3 Bb3 84.Ke2 Bc2 85.e5 Bg5
86.Ng3 Kf7 87.Kf3 Bd1+ 88.Ke4 Bc2+ 89.Kf3 Kg6 90.Ne4 Bb3 91.Nc5 Bd5+ 92.Ke2 Be7
93.Nd7 Kg5 94.Ke3 Kxg4 95.Nf6+ Kf5 96.Ne8 Bg5+ 97.Kd3 Bd8 98.Nd6+ Kf4 99.Nf7 Be7
100.Nd6 Kg5 101.Ne4+ Kf5 102.Nc3 Bb4 103.Nd1 Kf4 104.Nf2 Ba5 105.Nh3+ Kg4
106.Nf2+ Kf3 107.Nh3 Bd8 108.Ng1+ Kf4 109.Ne2+ Kg4 110.Nc3 Ba5 111.Nb5 Kf4
112.Nd6 Bb4 113.Nf7 Kf5  0-1